[Event "XIV Festival A"]
[Site "Porto San Giorgio ITA"]
[Date "2002.08.23"]
[Round "4"]
[White "Aleksic, Nenad"]
[Black "Barsov, Alexei"]
[Result "0-1"]
[WhiteElo "2393"]
[BlackElo "2550"]
[PlyCount "52"]
[EventDate "2002.08.20"]

1. e4 e6 2. Nf3 d5 3. Nc3 Nf6 4. e5 Nfd7 5. d4 c5 6. dxc5 Nc6 7. Bf4 Be7 8. Qd2
Nxc5 9. Bd3 a6 10. O-O h6 11. Bg3 Qb6 12. a3 Bd7 13. Rab1 O-O 14. Rfe1 Nxd3 15.
cxd3 Rfc8 16. Ne2 Bf8 17. Nf4 Nd4 18. Nxd4 Qxd4 19. Ne2 Qa7 20. Rec1 b5 21.
Rxc8 Rxc8 22. Rc1 Rxc1+ 23. Qxc1 Qb7 24. Nf4 b4 25. axb4 Bb5 26. d4 Bxb4 0-1

[Event "XIV Festival A"]
[Site "Porto San Giorgio ITA"]
[Date "2002.08.23"]
[Round "4"]
[White "Bruno, Fabio"]
[Black "Efimov, Igor"]
[Result "0-1"]
[WhiteElo "2296"]
[BlackElo "2463"]
[PlyCount "57"]
[EventDate "2002.08.20"]

1. d4 e6 2. Nf3 c5 3. e3 Nc6 4. Nbd2 d5 5. c3 Bd6 6. dxc5 Bxc5 7. b4 Be7 8. Bb2
Nf6 9. a3 O-O 10. c4 Bd7 11. c5 a5 12. b5 Na7 13. b6 Nc6 14. Rc1 a4 15. Bd3 Ra5
16. g4 Nxg4 17. h3 Nh6 18. Rg1 f6 19. Nh4 Ne5 20. Bb1 Qe8 21. f4 f5 22. Nhf3
Ng6 23. Bd4 Nf7 24. h4 e5 25. fxe5 Ngxe5 26. Nxe5 Nxe5 27. Qe2 Ng4 28. Qf3 Be6
29. Bd3 0-1

[Event "XIV Festival A"]
[Site "Porto San Giorgio ITA"]
[Date "2002.08.23"]
[Round "4"]
[White "Bukal, Vladimir jr"]
[Black "Rotstein, Arkadij"]
[Result "1-0"]
[WhiteElo "2405"]
[BlackElo "2557"]
[PlyCount "69"]
[EventDate "2002.08.20"]

1. d4 Nf6 2. c4 e6 3. Nf3 c5 4. d5 d6 5. Nc3 exd5 6. cxd5 g6 7. Qa4+ Bd7 8. Qb3
b5 9. Nxb5 Qa5+ 10. Nc3 Na6 11. Nd2 Rb8 12. Nc4 Rxb3 13. Nxa5 Rb8 14. a3 Nc7
15. e4 Bg7 16. Nc4 O-O 17. Nxd6 Ng4 18. h3 Ne5 19. f4 f5 20. fxe5 Bxe5 21. Nc4
Bg3+ 22. Kd1 fxe4 23. Ne3 Be5 24. Bc4 Nb5 25. Nxb5 Bxb5 26. Bxb5 Rxb5 27. Ke2
Bd4 28. Rf1 Rxf1 29. Kxf1 Rb3 30. Nc4 Kg7 31. Bf4 Kf6 32. Ke2 g5 33. Bc7 Rb7
34. Rf1+ Ke7 35. Bd6+ 1-0

[Event "XIV Festival A"]
[Site "Porto San Giorgio ITA"]
[Date "2002.08.23"]
[Round "4"]
[White "Calavalle, Giulio"]
[Black "Rigo, Janos"]
[Result "0-1"]
[WhiteElo "2160"]
[BlackElo "2303"]
[PlyCount "80"]
[EventDate "2002.08.20"]

1. e4 c5 2. Nf3 Nc6 3. d4 cxd4 4. Nxd4 Nf6 5. Nc3 g6 6. Be3 Bg7 7. Bc4 O-O 8.
f3 Qb6 9. Qd3 Ne5 10. Qe2 Qxb2 11. Kd2 Qb4 12. Bb3 Nc6 13. a3 Qa5 14. Qb5 Qc7
15. Qc4 a6 16. Nd5 Qd6 17. Ke2 Na5 18. Qb4 Qxb4 19. axb4 Nxd5 20. Bxd5 Nc6 21.
c3 e6 22. Bb3 f5 23. Rhc1 fxe4 24. fxe4 Ne5 25. h3 b6 26. Nb5 Rb8 27. Nd6 a5
28. Ra4 Nf7 29. Nxc8 Rfxc8 30. c4 Bf8 31. Bd2 axb4 32. Ra7 Ra8 33. Rca1 Rab8
34. Be3 Rd8 35. Rd1 Bc5 36. Bc1 d6 37. Rf1 Rf8 38. Bb2 Ne5 39. Raa1 Nc6 40.
Rxf8+ Rxf8 0-1

[Event "XIV Festival A"]
[Site "Porto San Giorgio ITA"]
[Date "2002.08.23"]
[Round "4"]
[White "Campora Perez, Daniel"]
[Black "Rago, Riccardo"]
[Result "1-0"]
[WhiteElo "2136"]
[BlackElo "2190"]
[PlyCount "53"]
[EventDate "2002.08.20"]

1. e4 c5 2. Nf3 Nc6 3. d4 cxd4 4. Nxd4 Nf6 5. Nc3 e5 6. Ndb5 d6 7. Bg5 a6 8.
Na3 b5 9. Nd5 Be7 10. Bxf6 Bxf6 11. c3 O-O 12. Nc2 Rb8 13. h4 Be6 14. Nxf6+
gxf6 15. Ne3 Kh8 16. Qd2 b4 17. Bxa6 bxc3 18. bxc3 Qa5 19. Bc4 Qc5 20. Bd5 Ne7
21. c4 Bxd5 22. cxd5 Rb4 23. O-O Rxe4 24. Rfc1 Qa7 25. Rc4 f5 26. Nxf5 Rxc4 27.
Qh6 1-0

[Event "XIV Festival A"]
[Site "Porto San Giorgio ITA"]
[Date "2002.08.23"]
[Round "4"]
[White "Campora Sivori, Daniel Hugo"]
[Black "Friedrich, Norbert"]
[Result "1-0"]
[WhiteElo "2522"]
[BlackElo "2296"]
[PlyCount "77"]
[EventDate "2002.08.20"]

1. e4 c5 2. Nf3 e6 3. d4 cxd4 4. Nxd4 a6 5. c4 Nf6 6. Nc3 Qc7 7. a3 b6 8. Be3
Bb7 9. f3 d6 10. g4 h6 11. Rc1 Nbd7 12. Be2 Be7 13. h4 Qd8 14. Kf2 Nh7 15. Kg3
Rc8 16. Rh3 Nhf6 17. Kg2 g6 18. b4 Ne5 19. Qb3 d5 20. cxd5 exd5 21. g5 Nc4 22.
Bxc4 dxc4 23. Qc2 Nh5 24. Rd1 Qc7 25. Nde2 O-O 26. Ng3 Nxg3 27. Rxg3 Bd6 28.
Rh3 Be5 29. h5 Bf4 30. Bxf4 Qxf4 31. hxg6 fxg6 32. gxh6 Rcd8 33. Ne2 Qf7 34.
h7+ Kh8 35. Qc3+ Qg7 36. Rxd8 Rxd8 37. Qxc4 Rd2 38. Kf2 Qb2 39. Qg8# 1-0

[Event "XIV Festival A"]
[Site "Porto San Giorgio ITA"]
[Date "2002.08.23"]
[Round "4"]
[White "Cocchi, Andrea"]
[Black "Lazarev, Vladimir"]
[Result "0-1"]
[WhiteElo "2281"]
[BlackElo "2458"]
[PlyCount "80"]
[EventDate "2002.08.20"]

1. Nf3 c5 2. c4 g6 3. Nc3 Bg7 4. e3 Nf6 5. d4 O-O 6. Be2 cxd4 7. Nxd4 Nc6 8.
O-O b6 9. Bf3 Bb7 10. Rb1 Qc8 11. b3 Rd8 12. Bb2 Nxd4 13. Bxb7 Qxb7 14. Qxd4 e6
15. Qd6 Rac8 16. Rfd1 Ne8 17. Qd3 a6 18. e4 Nc7 19. Ne2 Bxb2 20. Rxb2 b5 21.
Rc2 bxc4 22. Rxc4 d5 23. exd5 Nxd5 24. Rdc1 Rb8 25. Qf3 e5 26. Qg3 Nb4 27. h4
Nxa2 28. Ra1 Nb4 29. Qxe5 Re8 30. Qb2 Nd3 31. Qd2 Rbd8 32. Qc2 Qb6 33. Nf4 Qf6
34. Raa4 Nb2 35. Rxa6 Re1+ 36. Kh2 Qxh4+ 37. Nh3 Nxc4 38. Ra4 Rdd1 39. Ra8+ Kg7
40. Qc3+ Ne5 0-1

[Event "XIV Festival A"]
[Site "Porto San Giorgio ITA"]
[Date "2002.08.23"]
[Round "4"]
[White "Colovic, Aleksandar"]
[Black "Roeder, Matthias"]
[Result "1/2-1/2"]
[WhiteElo "2370"]
[BlackElo "2485"]
[PlyCount "36"]
[EventDate "2002.08.20"]

1. e4 c5 2. Nf3 d6 3. d4 cxd4 4. Nxd4 Nf6 5. Nc3 a6 6. h3 e6 7. g4 Qc7 8. Bg2
Be7 9. Be3 Nc6 10. g5 Nd7 11. O-O O-O 12. f4 Re8 13. Qh5 g6 14. Qe2 Nxd4 15.
Bxd4 b5 16. a3 Bb7 17. Qf2 Bf8 18. Be3 Bg7 1/2-1/2

[Event "XIV Festival A"]
[Site "Porto San Giorgio ITA"]
[Date "2002.08.23"]
[Round "4"]
[White "Fercec, Nenad"]
[Black "Baquero, Luis A."]
[Result "1/2-1/2"]
[WhiteElo "2494"]
[BlackElo "2275"]
[PlyCount "112"]
[EventDate "2002.08.20"]

1. e4 e5 2. Nf3 Nc6 3. Bb5 Nf6 4. O-O Nxe4 5. d4 Nd6 6. Bxc6 dxc6 7. dxe5 Nf5
8. Qxd8+ Kxd8 9. Nc3 h6 10. h3 Bd7 11. b3 b6 12. Bb2 Ne7 13. Rad1 Kc8 14. Rd2
c5 15. Rfd1 Bc6 16. Nh2 Kb7 17. Ng4 Ng6 18. Ne2 Be7 19. g3 h5 20. Ne3 h4 21. g4
Bg5 22. Rd3 Bf3 23. R3d2 Nf4 24. Nxf4 Bxd1 25. Rxd1 Bxf4 26. Ng2 Bg5 27. Rd7
Rhf8 28. f4 Rad8 29. Rxd8 Bxd8 30. g5 g6 31. Kf2 Be7 32. Kf3 Rd8 33. Ke2 Kc6
34. Bc3 Kd5 35. Ke3 c4 36. b4 a5 37. bxa5 Bc5+ 38. Kf3 b5 39. f5 gxf5 40. Nf4+
Kc6 41. e6 fxe6 42. Nxe6 Rg8 43. Kf4 b4 44. Bf6 Be3+ 45. Kxe3 Re8 46. Kf4 Rxe6
47. Kxf5 Re3 48. g6 Rf3+ 49. Ke6 Rxh3 50. g7 Rg3 51. Kf5 Rxg7 52. Bxg7 Kb5 53.
Be5 Kxa5 54. Bxc7+ Ka4 55. Kg4 b3 56. axb3+ cxb3 1/2-1/2

[Event "XIV Festival A"]
[Site "Porto San Giorgio ITA"]
[Date "2002.08.23"]
[Round "4"]
[White "Kohlweyer, Bernd"]
[Black "Sax, Gyula"]
[Result "1/2-1/2"]
[WhiteElo "2452"]
[BlackElo "2518"]
[PlyCount "28"]
[EventDate "2002.08.20"]

1. Nf3 Nf6 2. c4 c5 3. Nc3 Nc6 4. g3 d5 5. d4 e6 6. cxd5 Nxd5 7. Bg2 cxd4 8.
Nxd4 Nxc3 9. bxc3 Nxd4 10. Qxd4 Qxd4 11. cxd4 Bb4+ 12. Bd2 Bxd2+ 13. Kxd2 Kd8
14. Rhc1 Re8 1/2-1/2

[Event "XIV Festival A"]
[Site "Porto San Giorgio ITA"]
[Date "2002.08.23"]
[Round "4"]
[White "Laketic, Gojko"]
[Black "Esposito, Luca"]
[Result "1-0"]
[WhiteElo "2448"]
[BlackElo "2155"]
[PlyCount "43"]
[EventDate "2002.08.20"]

1. d4 d5 2. c4 e6 3. Nc3 c6 4. e3 f5 5. g4 fxg4 6. Qxg4 Nf6 7. Qg5 Be7 8. Qxg7
Rg8 9. Qh6 Rg6 10. Qf4 e5 11. dxe5 Nh5 12. Qd4 Rg4 13. Qd1 dxc4 14. Qxd8+ Bxd8
15. Be2 Rh4 16. Nf3 Rh3 17. Ne4 h6 18. Nd6+ Kd7 19. Nxc8 Kxc8 20. Ng1 Rh4 21.
h3 Nd7 22. Bg4 1-0

[Event "XIV Festival A"]
[Site "Porto San Giorgio ITA"]
[Date "2002.08.23"]
[Round "4"]
[White "Malloni, Marcello"]
[Black "Ronchetti, Niccolo'"]
[Result "1/2-1/2"]
[WhiteElo "2261"]
[BlackElo "2117"]
[PlyCount "78"]
[EventDate "2002.08.20"]

1. e4 c5 2. f4 d5 3. Nc3 dxe4 4. Nxe4 Qc7 5. Nf3 Bg4 6. Bb5+ Nd7 7. O-O e6 8.
d3 Nh6 9. Qe1 Bxf3 10. Rxf3 Nf5 11. c3 O-O-O 12. Ba4 Nf6 13. Bd2 Nd6 14. Rd1
Be7 15. Rf1 Qb6 16. Bc1 Kb8 17. Kh1 Ndxe4 18. dxe4 Qa6 19. Bc2 Qxa2 20. Rxd8+
Rxd8 21. f5 Qa6 22. e5 Nd7 23. fxe6 Qxe6 24. Bf5 Qd5 25. e6 Nf6 26. exf7 Qxf7
27. Bxh7 Bd6 28. Bf5 Qh5 29. h3 Kc7 30. Qf2 Nd5 31. Qf3 Qxf3 32. Rxf3 Re8 33.
Rf1 Bg3 34. Bd3 Kc6 35. Bd2 b5 36. c4 bxc4 37. Bxc4 Ne3 38. Bxe3 Rxe3 39. Rf3
Rxf3 1/2-1/2

[Event "XIV Festival A"]
[Site "Porto San Giorgio ITA"]
[Date "2002.08.23"]
[Round "4"]
[White "Miezis, Normunds"]
[Black "Popchev, Milko"]
[Result "1-0"]
[WhiteElo "2510"]
[BlackElo "2419"]
[PlyCount "65"]
[EventDate "2002.08.20"]

1. c4 c5 2. Nc3 Nc6 3. g3 g6 4. Bg2 Bg7 5. d3 Nf6 6. e4 O-O 7. Nge2 Ne8 8. a3
Nc7 9. Rb1 d6 10. b4 Ne6 11. O-O Rb8 12. Nd5 Ned4 13. Nxd4 Bxd4 14. h3 e6 15.
Ne3 Bd7 16. b5 Ne7 17. Kh2 f5 18. f4 e5 19. Qe2 Be6 20. Nc2 Qd7 21. Nxd4 exd4
22. Bd2 Rfe8 23. Rfe1 h6 24. Bf3 Kh7 25. g4 Ng8 26. Qg2 Nf6 27. exf5 gxf5 28.
g5 Ng8 29. Bh5 Rf8 30. Re2 hxg5 31. Rbe1 Bf7 32. Qxg5 Rbe8 33. Rg2 1-0

[Event "XIV Festival A"]
[Site "Porto San Giorgio ITA"]
[Date "2002.08.23"]
[Round "4"]
[White "Naumkin, Igor"]
[Black "Glek, Igor V."]
[Result "1/2-1/2"]
[WhiteElo "2436"]
[BlackElo "2590"]
[PlyCount "90"]
[EventDate "2002.08.20"]

1. d4 Nf6 2. Nf3 g6 3. c4 Bg7 4. Nc3 O-O 5. e4 d6 6. Be2 Na6 7. O-O c6 8. Re1
e5 9. h3 exd4 10. Nxd4 Re8 11. Bf3 h6 12. Be3 Nc5 13. Qc2 Nh7 14. b4 Ne6 15.
Nxe6 Bxe6 16. Be2 Qh4 17. Bf1 Ng5 18. Rad1 Be5 19. Bc1 f5 20. exf5 Bxf5 21. Qb3
Bd4 22. Rxd4 Qxd4 23. Rd1 Qf6 24. Bb2 Qf8 25. Ne2 Rad8 26. h4 Ne6 27. Ng3 Rd7
28. Qc3 Kh7 29. h5 Rf7 30. Qd2 d5 31. cxd5 cxd5 32. Re1 Ng5 33. Rxe8 Qxe8 34.
Qxd5 Ne4 35. Nxf5 gxf5 36. Bb5 Qe7 37. Bc4 Rf8 38. Bd4 b6 39. Qc6 Nd6 40. Bd3
Qe6 41. Qc7+ Rf7 42. Qb8 Ne8 43. Bc4 Qxc4 44. Qxe8 Rg7 45. Bxg7 Qc1+ 1/2-1/2

[Event "XIV Festival A"]
[Site "Porto San Giorgio ITA"]
[Date "2002.08.23"]
[Round "4"]
[White "Ortega, Lexy"]
[Black "D'Innocente, Stefano"]
[Result "1-0"]
[WhiteElo "2467"]
[BlackElo "2225"]
[PlyCount "55"]
[EventDate "2002.08.20"]

1. d4 d5 2. c4 c6 3. Nf3 Nf6 4. Nc3 dxc4 5. a4 Bf5 6. Nh4 e6 7. Nxf5 exf5 8. e3
Bb4 9. Bxc4 O-O 10. O-O Nbd7 11. Qc2 g6 12. f3 Qb6 13. Kh1 Kg7 14. Qf2 Rae8 15.
Bd2 h5 16. e4 fxe4 17. Qe3 Rh8 18. fxe4 Re7 19. e5 Ng4 20. Qf4 f5 21. h3 Nh6
22. Qh4 Ree8 23. Bg5 Ng8 24. Ne2 Qc7 25. Nf4 Nf8 26. Bf6+ Nxf6 27. Qxf6+ Kh7
28. Bf7 1-0

[Event "XIV Festival A"]
[Site "Porto San Giorgio ITA"]
[Date "2002.08.23"]
[Round "4"]
[White "Safranska, Anda"]
[Black "Doleschal, Johannes"]
[Result "1-0"]
[WhiteElo "2309"]
[BlackElo "2066"]
[PlyCount "61"]
[EventDate "2002.08.20"]

1. e4 e5 2. Nf3 Nc6 3. Bb5 a6 4. Ba4 Nf6 5. O-O b5 6. Bb3 Be7 7. Re1 O-O 8. a4
Bb7 9. d3 d6 10. Nbd2 Na5 11. Ba2 c5 12. Nf1 Qc7 13. Bd2 Nc6 14. c3 h6 15. Nh4
Nd8 16. Ng6 Re8 17. Ng3 Kh7 18. Nxe7 Qxe7 19. Nf5 Qd7 20. Qf3 Ng8 21. Qg3 Ne6
22. f4 f6 23. Nh4 Nf8 24. fxe5 dxe5 25. Bxg8+ Kxg8 26. Bxh6 Ne6 27. Nf5 Kh7 28.
Bxg7 Nxg7 29. Qh3+ Nh5 30. Qxh5+ Kg8 31. Re3 1-0

[Event "XIV Festival A"]
[Site "Porto San Giorgio ITA"]
[Date "2002.08.23"]
[Round "4"]
[White "Satta, Vladimiro"]
[Black "Karr, Jean-Philippe"]
[Result "1/2-1/2"]
[WhiteElo "2218"]
[BlackElo "2404"]
[PlyCount "104"]
[EventDate "2002.08.20"]

1. e4 c5 2. Nc3 Nc6 3. g3 g6 4. Bg2 Bg7 5. d3 d6 6. Be3 e6 7. Qd2 Qa5 8. f4
Nge7 9. Nf3 d5 10. exd5 exd5 11. Bf2 O-O 12. O-O d4 13. Ne4 Qxd2 14. Nfxd2 b6
15. a3 Be6 16. Rfe1 Bd5 17. Rab1 Rfd8 18. h3 h6 19. Nf3 Ba2 20. Rbd1 Be6 21.
Ne5 Rac8 22. Nxc6 Rxc6 23. Nd2 Rc7 24. Kh2 b5 25. Nf3 Rcd7 26. Ne5 Rd6 27. Re2
f6 28. Nf3 Nc6 29. Nd2 f5 30. Rde1 Bd5 31. Bxd5+ Rxd5 32. Re6 R5d6 33. Nb3 c4
34. Nc5 Kf7 35. R6e2 Rc8 36. Nb7 Rd5 37. a4 a6 38. axb5 axb5 39. Ra1 Bf8 40.
Ra6 cxd3 41. cxd3 Nb4 42. Ra7 Kf6 43. Re5 Rd7 44. Rxb5 Rc2 45. Kg1 Rcc7 46. Ra8
Be7 47. Rb6+ Kg7 48. Nd8 Rc1+ 49. Kg2 Rc2 50. Ne6+ Kf7 51. Nd8+ Kg7 52. Ne6+
Kf7 1/2-1/2

[Event "XIV Festival A"]
[Site "Porto San Giorgio ITA"]
[Date "2002.08.23"]
[Round "4"]
[White "Schaefer, Michael"]
[Black "Zufic, Miroslav"]
[Result "0-1"]
[WhiteElo "2170"]
[BlackElo "2349"]
[PlyCount "66"]
[EventDate "2002.08.20"]

1. d4 Nf6 2. c4 c5 3. d5 e6 4. Nc3 exd5 5. cxd5 d6 6. e4 g6 7. Bd3 Bg7 8. Nge2
O-O 9. O-O a6 10. a4 Re8 11. Ng3 Nbd7 12. h3 Rb8 13. f4 Qc7 14. Qf3 c4 15. Bc2
b5 16. axb5 axb5 17. Be3 b4 18. Nce2 Bb7 19. Nd4 Nc5 20. f5 Ra8 21. Rxa8 Rxa8
22. fxg6 fxg6 23. Qf4 Ba6 24. Qh4 b3 25. Bxb3 cxb3 26. Rxf6 Bxf6 27. Qxf6 Rf8
28. Qh4 Qf7 29. Nc6 Nd3 30. Bd4 Ne5 31. Nxe5 dxe5 32. Bxe5 Qf2+ 33. Kh2 Bf1 0-1

[Event "XIV Festival A"]
[Site "Porto San Giorgio ITA"]
[Date "2002.08.23"]
[Round "4"]
[White "Sebastianelli, Dario"]
[Black "Aldrovandi, Costantino"]
[Result "1/2-1/2"]
[WhiteElo "2221"]
[BlackElo "2414"]
[PlyCount "93"]
[EventDate "2002.08.20"]

1. e4 c5 2. Nc3 d6 3. Nf3 Nf6 4. d4 cxd4 5. Nxd4 g6 6. Be3 Bg7 7. f3 Nc6 8. Qd2
O-O 9. O-O-O Be6 10. Kb1 Nxd4 11. Bxd4 Qc7 12. h4 Rfc8 13. g4 Qa5 14. Qg5 Qxg5
15. hxg5 Nd7 16. Bxg7 Kxg7 17. Rh4 Rh8 18. f4 Nb6 19. f5 Bd7 20. Bb5 h6 21.
gxh6+ Rxh6 22. Rxh6 Kxh6 23. Bxd7 Nxd7 24. Nd5 Kg5 25. Kc1 Re8 26. Rf1 Nf6 27.
fxg6 fxg6 28. Nf4 Nxe4 29. Ne6+ Kh4 30. g5 Nxg5 31. Rh1+ Nh3 32. Nf4 Kg3 33.
Nxh3 Kg2 34. Rg1+ Kxh3 35. Rxg6 Kh4 36. Kd2 Kh5 37. Rg7 Kh6 38. Rg3 Rc8 39. Kd3
Kh7 40. Rg4 Rc7 41. c4 e5 42. b4 Rg7 43. Rh4+ Kg8 44. Rh6 Rg3+ 45. Kd2 Rg2+ 46.
Kd3 Rg3+ 47. Kd2 1/2-1/2

[Event "XIV Festival A"]
[Site "Porto San Giorgio ITA"]
[Date "2002.08.23"]
[Round "4"]
[White "Tomescu, Vlad"]
[Black "Palac, Mladen"]
[Result "1/2-1/2"]
[WhiteElo "2438"]
[BlackElo "2564"]
[PlyCount "150"]
[EventDate "2002.08.20"]

1. e4 c5 2. Nf3 d6 3. d4 cxd4 4. Qxd4 Nf6 5. Bg5 Nc6 6. Qe3 Ng4 7. Qd2 h6 8.
Bh4 g5 9. Bg3 Bg7 10. Nc3 Be6 11. h3 Nf6 12. Be2 Rc8 13. O-O O-O 14. Rfe1 Qb6
15. Rab1 Rfd8 16. Nd5 Nxe4 17. Nxb6 Nxd2 18. Nxc8 Nxb1 19. Nxe7+ Nxe7 20. Rxb1
Bxa2 21. Ra1 Bd5 22. c3 Nc8 23. Rd1 Re8 24. Kf1 Nb6 25. h4 gxh4 26. Bxd6 Bc4
27. Bxc4 Nxc4 28. Ba3 h3 29. gxh3 Nxa3 30. bxa3 Rc8 31. Rd7 Rxc3 32. Kg2 Rxa3
33. Rxb7 Ra2 34. Kg3 Bf6 35. Rd7 a5 36. Nd2 Ra4 37. Kf3 Rd4 38. Ne4 Bg7 39. Ra7
Ra4 40. Nd6 Be5 41. Ne4 Kg7 42. Ra6 f6 43. Nc5 Ra3+ 44. Ke4 Kg6 45. f4 Bc3 46.
Rc6 Ba1 47. Nd3 Ra4+ 48. Kf3 Ra2 49. Ne5+ Kf5 50. Nc4 Bd4 51. Nd6+ Kg6 52. Ke4
Ba1 53. Ra6 Bc3 54. Rc6 Be1 55. Nc4 Re2+ 56. Kf3 Rh2 57. Ke4 Re2+ 58. Kf3 Rh2
59. Ke4 Rxh3 60. Ne3 Kg7 61. Rc7+ Kf8 62. Ng4 Rc3 63. Ra7 Rc6 64. Kf5 Bc3 65.
Nxh6 Ke8 66. Ke4 Rc4+ 67. Kd3 Rc5 68. Nf7 Bb4 69. Nd6+ Kf8 70. Nc4 Rb5 71. Ne3
Ke8 72. Kc4 Rc5+ 73. Kd4 Rc1 74. Nc4 Rd1+ 75. Ke4 Bc5 1/2-1/2

[Event "XIV Festival A"]
[Site "Porto San Giorgio ITA"]
[Date "2002.08.24"]
[Round "5"]
[White "Aldrovandi, Costantino"]
[Black "Satta, Vladimiro"]
[Result "1/2-1/2"]
[WhiteElo "2414"]
[BlackElo "2218"]
[PlyCount "147"]
[EventDate "2002.08.20"]

1. c4 e6 2. g3 d5 3. Bg2 Nf6 4. Nf3 Be7 5. O-O O-O 6. d4 dxc4 7. Ne5 c5 8. dxc5
Bxc5 9. Nc3 Qe7 10. Bg5 Rd8 11. Qc2 h6 12. Bxf6 Qxf6 13. Nxc4 Qe7 14. Rad1 Nc6
15. Rxd8+ Nxd8 16. Ne4 Bd7 17. Ne5 Rc8 18. Nxc5 Rxc5 19. Qd2 Rxe5 20. Rd1 Kf8
21. Qxd7 Qxd7 22. Rxd7 Ke8 23. Rd2 Rc5 24. f4 Nc6 25. Kf2 Ke7 26. Rd3 Rb5 27.
Rd2 Rc5 28. Bf3 a5 29. Be4 b5 30. Ke3 b4 31. Rc2 Rxc2 32. Bxc2 Kd6 33. Ba4 e5
34. Ke4 exf4 35. gxf4 Nd8 36. Be8 Ke7 37. Bb5 Kd6 38. Kf5 Ne6 39. e3 Nc7 40.
Ba4 Nd5 41. Ke4 f6 42. h4 Ne7 43. h5 Kc5 44. Bd7 Kd6 45. Be8 Kc5 46. Kd3 Nd5
47. Bf7 Ne7 48. e4 Nc6 49. Bb3 Nd4 50. Bf7 Nc6 51. a3 bxa3 52. bxa3 Nd4 53. Be8
Ne6 54. Ke3 Nc7 55. Bd7 Kd6 56. Ba4 Ne6 57. Bb3 Nc7 58. Bc4 Kc5 59. Kd3 Ne8 60.
e5 fxe5 61. fxe5 Nc7 62. Bf7 Nd5 63. Ke4 Ne7 64. Be8 Nd5 65. Kf5 Kd4 66. Bf7
Ne7+ 67. Kf4 Nc6 68. e6 Ne7 69. Be8 Kd5 70. Bf7 Kd4 71. Be8 Nd5+ 72. Kf5 Ne7+
73. Kf4 Nd5+ 74. Kf5 1/2-1/2

[Event "XIV Festival A"]
[Site "Porto San Giorgio ITA"]
[Date "2002.08.24"]
[Round "5"]
[White "Baquero, Luis A."]
[Black "Cioara, Andrei Nestor"]
[Result "0-1"]
[WhiteElo "2275"]
[BlackElo "2414"]
[PlyCount "120"]
[EventDate "2002.08.20"]

1. d4 Nf6 2. c4 e6 3. Nc3 Bb4 4. Qc2 O-O 5. a3 Bxc3+ 6. Qxc3 b6 7. Bg5 Bb7 8.
f3 d6 9. Nh3 Nbd7 10. e3 c5 11. dxc5 bxc5 12. Be2 a5 13. O-O Qb6 14. Rad1 d5
15. Bh4 a4 16. Be1 Rfe8 17. Nf4 d4 18. exd4 cxd4 19. Qb4 e5 20. Nd3 Qc6 21. Qd2
Nc5 22. Nxc5 Qxc5 23. Qb4 Qc7 24. Bd3 Nd7 25. Qd2 Nc5 26. Bg3 Rac8 27. Rfe1 f6
28. Bf5 Rcd8 29. Qc2 g6 30. Bd3 Kg7 31. Bf1 Qb6 32. Bf2 Qb3 33. Qc1 Ne6 34. c5
Bd5 35. Rd2 Rc8 36. Rc2 Rc6 37. Bc4 Bxc4 38. Rxc4 Rb8 39. Re2 Nf4 40. Rd2 Nd3
41. Rxd3 Qxd3 42. Be1 Qe2 43. Rc2 Qe3+ 44. Qxe3 dxe3 45. Bb4 Rd8 46. Kf1 f5 47.
g3 g5 48. f4 gxf4 49. gxf4 exf4 50. Ke2 Re8 51. Kf3 Re4 52. Be1 Kf7 53. h4 Ke6
54. h5 Kd5 55. Bb4 e2 56. Rc1 Rce6 57. Be1 Rc4 58. Rxc4 Kxc4 59. Kxf4 Kxc5 60.
Kxf5 Kd5 0-1

[Event "XIV Festival A"]
[Site "Porto San Giorgio ITA"]
[Date "2002.08.24"]
[Round "5"]
[White "Bottino, Alexiei"]
[Black "Bruno, Fabio"]
[Result "0-1"]
[WhiteElo "2068"]
[BlackElo "2296"]
[PlyCount "46"]
[EventDate "2002.08.20"]

1. d4 e6 2. c4 Nf6 3. Nc3 d5 4. cxd5 exd5 5. Bg5 c6 6. e3 Nbd7 7. Bd3 Bd6 8.
Nge2 Nf8 9. Bf4 Ng6 10. Bxd6 Qxd6 11. Qc2 Nh4 12. O-O-O g6 13. Ng3 O-O 14. Kb1
Nxg2 15. h4 Nxe3 16. fxe3 Qxg3 17. Rdg1 Qxe3 18. h5 Nxh5 19. Ne2 Ng7 20. Rg3
Qf2 21. Rxh7 Kxh7 22. Bxg6+ Kh8 23. Qd1 fxg6 0-1

[Event "XIV Festival A"]
[Site "Porto San Giorgio ITA"]
[Date "2002.08.24"]
[Round "5"]
[White "Bruned, Boris"]
[Black "Gosio, Denis"]
[Result "1-0"]
[WhiteElo "2035"]
[BlackElo "2154"]
[PlyCount "47"]
[EventDate "2002.08.20"]

1. e4 c5 2. Nf3 e6 3. d4 cxd4 4. Nxd4 Nf6 5. Nc3 d6 6. g4 Be7 7. g5 Nfd7 8. Qh5
O-O 9. Be3 Nc6 10. h4 a6 11. O-O-O Nxd4 12. Bxd4 b5 13. Bd3 Ne5 14. f4 Nxd3+
15. Rxd3 Bb7 16. Rg1 b4 17. Nd5 exd5 18. Rdg3 Re8 19. g6 fxg6 20. Rxg6 hxg6 21.
Qxg6 Bf6 22. Bxf6 Qd7 23. Bxg7 Qf7 24. Qh6 1-0

[Event "XIV Festival A"]
[Site "Porto San Giorgio ITA"]
[Date "2002.08.24"]
[Round "5"]
[White "Cucinella, Vincenzo"]
[Black "Aleksic, Nenad"]
[Result "0-1"]
[WhiteElo "2130"]
[BlackElo "2393"]
[PlyCount "80"]
[EventDate "2002.08.20"]

1. d4 Nf6 2. Nf3 b6 3. Bf4 Ba6 4. Nbd2 e6 5. e3 Bxf1 6. Nxf1 Be7 7. N1d2 O-O 8.
O-O c5 9. h3 Nc6 10. c3 d5 11. Ne5 Nxe5 12. Bxe5 Bd6 13. Bxd6 Qxd6 14. Qc2 Rac8
15. Rad1 cxd4 16. exd4 b5 17. Qd3 b4 18. Rc1 h6 19. Rc2 bxc3 20. Rxc3 Rxc3 21.
Qxc3 Qa6 22. Rc1 Qxa2 23. b3 Qa6 24. Qe3 Qb6 25. Rc3 Re8 26. Qf4 Qb4 27. Rf3
Rc8 28. Nf1 Qe1 29. Qd2 Qxd2 30. Nxd2 Rc1+ 31. Nf1 Rd1 32. Rc3 Ne4 33. Rc2 g6
34. Ra2 Rb1 35. g3 Kg7 36. Kg2 Rxb3 37. Ne3 h5 38. Nc2 Rc3 39. h4 a5 40. Ne3
Rd3 0-1

[Event "XIV Festival A"]
[Site "Porto San Giorgio ITA"]
[Date "2002.08.24"]
[Round "5"]
[White "De Poi, Paolo"]
[Black "Shytaj, Carlo"]
[Result "1-0"]
[WhiteElo "2219"]
[BlackElo "2112"]
[PlyCount "79"]
[EventDate "2002.08.20"]

1. e4 d6 2. d4 Nf6 3. Nc3 g6 4. f3 e5 5. dxe5 dxe5 6. Qxd8+ Kxd8 7. Bc4 Be6 8.
Bxe6 fxe6 9. Bg5 Be7 10. O-O-O+ Nbd7 11. Bxf6 Bxf6 12. Nh3 a6 13. Rd2 Ke7 14.
Rhd1 Rad8 15. b3 Rhf8 16. Kb2 Bg7 17. Nf2 Bh6 18. Rd3 Bg5 19. Nb1 b5 20. Na3
Ke8 21. c3 Be7 22. Nc2 Bd6 23. R3d2 Ke7 24. Nd3 a5 25. Ne3 h5 26. c4 b4 27. c5
Bxc5 28. Nxc5 Nxc5 29. Nc4 Rxd2+ 30. Rxd2 Nd7 31. Nxa5 c5 32. Nc4 g5 33. Ne3
Rf4 34. h3 Rf8 35. Kc2 Ra8 36. Kd3 Nb6 37. Ke2 Nd7 38. Nc4 Rf8 39. Rd3 Ra8 40.
Rxd7+ 1-0

[Event "XIV Festival A"]
[Site "Porto San Giorgio ITA"]
[Date "2002.08.24"]
[Round "5"]
[White "Efimov, Igor"]
[Black "Colovic, Aleksandar"]
[Result "1/2-1/2"]
[WhiteElo "2463"]
[BlackElo "2370"]
[PlyCount "38"]
[EventDate "2002.08.20"]

1. d4 Nf6 2. Nf3 e6 3. g3 b6 4. Bg2 Bb7 5. O-O c5 6. c4 cxd4 7. Qxd4 Nc6 8. Qf4
Qb8 9. Nc3 Bd6 10. Qd2 O-O 11. b3 Ne5 12. Nd4 Bxg2 13. Kxg2 Bb4 14. Bb2 d5 15.
cxd5 Nxd5 16. e4 Nxc3 17. Bxc3 Bxc3 18. Qxc3 Qb7 19. Qe3 Rfd8 1/2-1/2

[Event "XIV Festival A"]
[Site "Porto San Giorgio ITA"]
[Date "2002.08.24"]
[Round "5"]
[White "Facchetti, Gianni"]
[Black "Scattareggia, Domenico"]
[Result "1-0"]
[WhiteElo "2154"]
[BlackElo "1947"]
[PlyCount "101"]
[EventDate "2002.08.20"]

1. e4 e5 2. Nf3 Nc6 3. Be2 d6 4. d4 exd4 5. Nxd4 Nf6 6. Nc3 Be7 7. O-O O-O 8.
Be3 Bd7 9. Re1 Re8 10. f3 a6 11. Qd2 Nxd4 12. Qxd4 c5 13. Qd2 Bc6 14. Rad1 Qc7
15. Bc4 b5 16. Nd5 Nxd5 17. Bxd5 Rad8 18. c3 Bf8 19. Qf2 Qb7 20. Bxc6 Qxc6 21.
Rd5 Re5 22. Red1 Rxd5 23. Rxd5 Re8 24. Qd2 Re6 25. Qd3 g6 26. Bf4 Qb6 27. g4
Be7 28. Kg2 a5 29. Bg3 b4 30. c4 Kg7 31. b3 Qc6 32. h4 a4 33. h5 axb3 34. axb3
g5 35. Qb1 Bf6 36. Rd2 Bd4 37. Ra2 Re7 38. Ra5 Qc7 39. Qa2 Be5 40. Bf2 Qd7 41.
Ra8 Qe6 42. Qa5 Qf6 43. Qb5 Kh6 44. Qb8 Qg7 45. Qd8 Re6 46. Qd7 Rf6 47. Re8 Rf4
48. Be3 Qf6 49. Bxf4 Qxf4 50. Rxe5 dxe5 51. Qd6+ 1-0